Catalogue of the Gupta gold coins in the Bayana hoard / (Record no. 134746)

MARC details
000 -LEADER
fixed length control field 00594nam a22002057a 4500
005 - DATE AND TIME OF LATEST TRANSACTION
control field 20170124110233.0
010 ## - LIBRARY OF CONGRESS CONTROL NUMBER
LC control number 083860
020 ## - INTERNATIONAL STANDARD BOOK NUMBER
Terms of availability 00.00
035 ## - SYSTEM CONTROL NUMBER
System control number 083860
037 ## - SOURCE OF ACQUISITION
Source of stock number/acquisition Cen Lib/Ret
040 ## - CATALOGING SOURCE
Original cataloging agency DPL
Language of cataloging EN
082 ## - DEWEY DECIMAL CLASSIFICATION NUMBER
Classification number 954.014
Item number ALT
100 ## - MAIN ENTRY--PERSONAL NAME
Personal name Altekar A. S
9 (RLIN) 41690
245 ## - TITLE STATEMENT
Title Catalogue of the Gupta gold coins in the Bayana hoard /
Statement of responsibility, etc by A S Altekar
260 ## - PUBLICATION, DISTRIBUTION, ETC. (IMPRINT)
Place of publication, distribution, etc Bombay
Name of publisher, distributor, etc Numismatic Society of India
Date of publication, distribution, etc 1954
300 ## - PHYSICAL DESCRIPTION
Extent 363p.
Dimensions 24cm(Hb)
650 ## - SUBJECT ADDED ENTRY--TOPICAL TERM
Topical term or geographic name as entry element Gupta dynasty
9 (RLIN) 41691
650 ## - SUBJECT ADDED ENTRY--TOPICAL TERM
Topical term or geographic name as entry element Coins, Indic -- Catalogs
9 (RLIN) 41692
942 ## - ADDED ENTRY ELEMENTS (KOHA)
Source of classification or shelving scheme Dewey Decimal Classification
Koha item type English Books
Classification part 954.014
Call number suffix ALT
Holdings
Withdrawn status Lost status Damaged status Not for loan Home library Current library Date acquired Source of acquisition Cost, normal purchase price Total Checkouts Full call number Barcode Date last seen Copy number Cost, replacement price Price effective from Koha item type
        Central Library Central Library 31/07/2015 Cen Lib/Ret 0.00   954.014 ALT 083860 31/07/2015 1 0.00 31/07/2015 English Books

© Delhi Public Library
Hit Counter
free hit counter